| 000 | 02139cam a22003251 4500 | ||
|---|---|---|---|
| 001 | sg 20000150 | ||
| 003 | DLC | ||
| 005 | 20260227112738.0 | ||
| 008 | 811121s1919 xx af 000 0 eng | ||
| 010 | _asg 20000150 | ||
| 035 | _a(OCoLC)14812689 | ||
| 040 |
_aDLC _cDNLM _dDLC |
||
| 042 | _apremarc | ||
| 050 | 0 | 0 |
_aRD131 _b.G7 |
| 060 | 0 |
_aW1 _bME449 no.39 |
|
| 110 | 1 |
_aGreat Britain. _bNational Health Insurance Joint Committee. _bMedical Research Committee. |
|
| 245 | 1 | 0 |
_aReports of the Committee upon anaerobic bacteria and infections. _bReport on the anaerobic infections of wounds and the bacteriological and serological problems arising therefrom. |
| 260 |
_a[Oxford, _bPrinted under the authority of H. M. Stationery off. at the University press, _c1919] |
||
| 300 |
_avi, 182 p. _bill., plates. |
||
| 490 | 1 |
_aSpecial report series, _vno. 39 |
|
| 500 | _aAt head of title: National health insurance. Medical research committee. | ||
| 500 | _a"The report as it stands is the conjoint work of the members of the committee. For the sake of completeness, however, several sections were written by others ... Thus the committee received a report on 'the clinical features and treatment of anaerobic infection of wounds and gas gangrene', by Dr. John Fraser ... Dr. Alexander Fleming prepared a summary ... on the 'aerobic infections of wounds', while Major W. J. Tulloch gave the benefit of his wide experience on the bacteriology of tetanus. Dr. E. H. Kettle undertook ... an exact inquiry into the finer pathological anatomical changes in human and experimental gas gangrene. Prof. W. Bulloch compiled an extensive bibliography of the literature on anaerobic infections." - Introd. | ||
| 504 | _aBibliography by William Bulloch: p. 146-172. | ||
| 700 | 1 |
_aFraser, John, _cSir, _d1885-1947. |
|
| 700 | 1 |
_aFleming, Alexander, _d1881-1955. |
|
| 700 | 1 | _aTulloch, William John. | |
| 700 | 1 |
_aKettle, E. H. (Edgar Hartley), _d1882-1936. |
|
| 700 | 1 |
_aBulloch, William, _d1868-1941. |
|
| 810 | 1 |
_aGreat Britain. _bNational Health Insurance Joint Committee. _bMedical Research Committee. _tSpecial report series ; _vno. 39. |
|
| 999 |
_c90180 _d90180 |
||